00290nam a2200133Ia 4500003000900000008004100009040001300050040001300063041000800076100001700084245004100101300000800142490000600150IT-RoPAU120407s9999 xx 000 0 und d aIT-RoPAU cIT-RoPAU aita aMario Masini aIniziazione alla “Lectio divina” c cm v1